| 000 | 01997cam a22004934i 4500 | ||
|---|---|---|---|
| 003 | PE-LiUPU | ||
| 005 | 20250731184553.0 | ||
| 008 | 150625s r 000 0 d | ||
| 020 | _a8470397362 | ||
| 035 | _a(Sirsi) i9788470397363 | ||
| 040 |
_aPE-LiUPU _bspa _cPE-LiUPU _erda |
||
| 049 | _aPRUA | ||
| 082 | 0 | 4 |
_a946.41 _bD38 _221 |
| 100 | 1 |
_aDe Barrionuevo de Peralta, Jerónimo, _eautor. |
|
| 245 | 1 | 0 |
_aAvisos del Madrid de los Austrias y otras noticias / _cJerónimo de Barrionuevo de Peralta. |
| 264 | 1 |
_aMadrid : _bComunidad de Madrid; Consejería de Educación y Cultura, _c1996. |
|
| 300 |
_a345 páginas : _bilustraciones, láms. ; _c22 centímetros |
||
| 336 |
_atext _2rdacontent |
||
| 337 |
_aunmediated _2rdamedia |
||
| 338 |
_avolume _2rdacarrier |
||
| 490 | 0 |
_aClásicos Madrileños ; _v11 |
|
| 500 | _a"Glosario" (A-Z). | ||
| 504 | _aIncluye referencias bibliográficas. | ||
| 505 | 0 | _aLa familia real y la vida placentera de palacio.-Penurias de palacio.-Embarazos reales.- La nobleza: Vida y costumbres.-Vida económica y política.-Vida religiosa. Creencias y supersticiones.-Vida literaria y cultural.-Vida festiva y teatral.-Teatro.- Vida delectiva y marginal.- Vida extraordinaria.-Algunos aspectos de la vida diaria. | |
| 526 | _aP136 | ||
| 526 | _aP135 | ||
| 526 | _aP134 | ||
| 526 | _aP133 | ||
| 526 | _aP144 | ||
| 526 | _aP143 | ||
| 526 | _aP87 | ||
| 526 | _aP35 | ||
| 526 | _aP20 | ||
| 526 | _aP14 | ||
| 526 | _aP10 | ||
| 526 | _aP06 | ||
| 651 | 4 |
_aMadrid _xUsos y costumbres _ySiglo XVII. |
|
| 942 |
_2ddc _cBOOK |
||
| 949 |
_a946.41 D38 _wDEWEY _c1 _i53888 _lCCODEBUL1 _mBUL _r0 _sY _tBOOK _u2015-6-25 _xEDUCACION _zUNKNOWN _0COMPRA _o.STAFF. Colección General |
||
| 994 |
_aC0 _bPEPRU |
||
| 596 | _a1 | ||
| 999 |
_a946.41 D38 _wDEWEY _c43974 _i53888 _f2021-11-8 _g5 _lCCODEBUL1 _mBUL _r0 _sY _tBOOK _u2015-6-25 _xBIBLIOTECA _zUNKNOWN _0COMPRA _o.STAFF. Colección General _d43974 |
||
| 980 |
_81 _gALBERTO SANCHEZ Responsable de Automatización |
||